[Event "FIDE World Cup Women 2021"]
[Site "Krasnaya Polyana RUS"]
[Date "2021.07.23"]
[Round "4.2"]
[White "Batsiashvili, Nino"]
[Black "Gunina, Valentina"]
[Result "0-1"]
[WhiteTitle "GM"]
[BlackTitle "GM"]
[WhiteElo "2487"]
[BlackElo "2437"]
[WhiteFideId "13602993"]
[BlackFideId "4167570"]
[EventDate "2021.07.12"]
[EventType "k.o."]

1. d4 d5 2. c4 c6 3. Nf3 Nf6 4. g3 Bf5 5. Nc3 e6 6. Nh4 dxc4 7. Nxf5 exf5 8. e3
Nbd7 9. Bxc4 Nb6 10. Bb3 Qd7 11. Qf3 Be7 12. Bd2 g6 13. Rd1 O-O 14. O-O Bb4 15.
a3 Bxc3 16. Bxc3 Nbd5 17. Bd2 Ne4 18. Bc1 Rfe8 19. Qg2 Nef6 20. Rfe1 Re7 21. Re2
Rae8 22. Rde1 Qc7 23. f3 Qb6 24. Ba2 h5 25. Kh1 Qb5 26. Bb1 Qc4 27. Bc2 Nc7 28.
Rd1 Ne6 29. Rf2 Nc7 30. Re2 Nb5 31. Bd3 Qb3 32. Bc2 Qd5 33. Bd3 a6 34. Rc2 Qd6
35. Qf2 Nc7 36. Rf1 Ne6 37. Bc4 b5 38. Ba2 Nc7 39. e4 fxe4 40. fxe4 Nxe4 41. Qf3
Nd5 42. Bf4 Qf6 43. Be5 Qxf3+ 44. Rxf3 Re6 45. h4 Rd8 46. Re2 f5 47. Kg1 c5 48.
Bb1 cxd4 49. Bxd4 Ng5 50. hxg5 Rxe2 51. Ba2 Kf8 52. Rd3 Ke8 53. Kf1 Nf4 54. gxf4
Re4 55. Rc3 Rexd4 56. Rc7 Rxf4+ 57. Ke2 Re4+ 58. Kf3 Rd3+ 59. Kf2 Rd6 60. Rc8+
Kd7 61. Ra8 h4 62. Ra7+ Kc8 63. Rg7 h3 64. Rh7 h2 65. Bb1 Rd2+ 66. Kf3 Re1 0-1

[Event "FIDE World Cup Women 2021"]
[Site "Krasnaya Polyana RUS"]
[Date "2021.07.23"]
[Round "4.2"]
[White "Tan, Zhongyi"]
[Black "Khademalsharieh, Sarasadat"]
[Result "1-0"]
[WhiteTitle "GM"]
[BlackTitle "IM"]
[WhiteElo "2511"]
[BlackElo "2494"]
[WhiteFideId "8603642"]
[BlackFideId "12512214"]
[EventDate "2021.07.12"]
[EventType "k.o."]

1. d4 d5 2. c4 e6 3. Nf3 Nf6 4. g3 Bb4+ 5. Bd2 a5 6. Qc2 O-O 7. Bg2 c5 8. cxd5
cxd4 9. Nxd4 Qb6 10. e3 exd5 11. O-O Nc6 12. Nxc6 bxc6 13. Rc1 Rb8 14. b3 Bxd2
15. Nxd2 Bd7 16. a4 Rfc8 17. Qc5 Qd8 18. Qd6 Rb4 19. Rc5 Ne8 20. Qe5 f6 21. Qc3
Nd6 22. Qd3 Qb6 23. Rac1 Be6 24. R5c3 Kh8 25. Bf1 Bd7 26. Nc4 Nxc4 27. bxc4 d4
28. exd4 Rxa4 29. c5 Qc7 30. d5 cxd5 31. c6 Be6 32. Re1 Bg8 33. Bh3 Rb8 34. Bd7
Rab4 35. h4 a4 36. h5 d4 37. Rc2 Bf7 38. h6 Bg6 39. Rce2 gxh6 40. Bf5 Rg8 41.
Bxg6 Rb3 42. Qf5 hxg6 43. Qxf6+ Qg7 44. Qd6 d3 45. Re7 Qb2 46. Qf4 1-0

[Event "FIDE World Cup Women 2021"]
[Site "Krasnaya Polyana RUS"]
[Date "2021.07.23"]
[Round "4.2"]
[White "Kashlinskaya, Alina"]
[Black "Saduakassova, Dinara"]
[Result "1/2-1/2"]
[WhiteTitle "IM"]
[BlackTitle "IM"]
[WhiteElo "2488"]
[BlackElo "2483"]
[WhiteFideId "4198026"]
[BlackFideId "13700090"]
[EventDate "2021.07.12"]
[EventType "k.o."]

1. d4 Nf6 2. c4 e6 3. Nf3 b6 4. g3 Ba6 5. Qc2 Bb7 6. Bg2 c5 7. d5 exd5 8. cxd5
Nxd5 9. O-O Be7 10. Rd1 Nc6 11. Qa4 Nf6 12. Nc3 O-O 13. g4 d6 14. g5 Ne8 15. Ne5
Nxe5 16. Bxb7 Rb8 17. Bg2 a6 18. Qxa6 Nc7 19. Qa7 Ng6 20. Nd5 Nxd5 21. Rxd5 Ra8
22. Qb7 Ra4 23. b3 Rh4 24. Rf5 Rd4 25. Rd5 Rh4 26. Rf5 f6 27. Bb2 fxg5 28. Qd5+
Kh8 29. e3 Rg4 30. Rxf8+ Qxf8 31. h3 Rh4 32. Qe6 Rh6 33. Rd1 Ne5 34. Qd5 Rf6 35.
Bxe5 dxe5 36. Qxe5 Rxf2 37. Rf1 Rxf1+ 38. Bxf1 Bf6 39. Qe6 Qb8 40. Bc4 Qg3+ 41.
Kf1 Qf3+ 42. Kg1 Qg3+ 43. Kf1 Qf3+ 44. Kg1 Qg3+ 1/2-1/2

[Event "FIDE World Cup Women 2021"]
[Site "Krasnaya Polyana RUS"]
[Date "2021.07.24"]
[Round "4.3"]
[White "Goryachkina, Aleksandra"]
[Black "Stefanova, Antoaneta"]
[Result "1-0"]
[WhiteTitle "GM"]
[BlackTitle "GM"]
[WhiteElo "2596"]
[BlackElo "2463"]
[WhiteFideId "4147103"]
[BlackFideId "2902257"]
[EventDate "2021.07.12"]
[EventType "k.o."]

1. d4 d5 2. c4 c6 3. Nf3 e6 4. Nbd2 f5 5. g3 Nd7 6. Bg2 Nh6 7. b3 Nf7 8. a4 a5
9. Qc2 Qf6 10. e3 g5 11. Bb2 Bd6 12. h4 g4 13. Ng1 O-O 14. Ne2 b6 15. O-O Ba6
16. Rfc1 Rac8 17. Qd1 Qe7 18. Rc2 Nf6 19. Rac1 Nh5 20. Nf4 Nxf4 21. exf4 Bb4 22.
Bc3 h5 23. Bxb4 Qxb4 24. Qe1 Rfe8 25. Qe3 c5 26. dxc5 bxc5 27. cxd5 exd5 28. Qc3
Qxc3 29. Rxc3 Re2 30. Nf1 d4 31. Rxc5 Rd8 32. Rxf5 Bc8 33. Rd5 Be6 34. Rxd8+
Nxd8 35. Rd1 Bxb3 36. Rxd4 Ne6 37. Bd5 Bxd5 38. Rxd5 Ra2 39. f5 Ng7 40. Rxa5 Ne8
41. Ne3 Nf6 42. Re5 Rxa4 43. Nd5 Nh7 44. f6 Kf7 45. Rxh5 Nxf6 46. Rf5 Ke6 47.
Rxf6+ Kxd5 48. Rf4 Rxf4 49. gxf4 Ke4 50. h5 1-0

[Event "FIDE World Cup Women 2021"]
[Site "Krasnaya Polyana RUS"]
[Date "2021.07.24"]
[Round "4.3"]
[White "Assaubayeva, Bibisara"]
[Black "Lagno, Kateryna"]
[Result "0-1"]
[WhiteTitle "IM"]
[BlackTitle "GM"]
[WhiteElo "2389"]
[BlackElo "2559"]
[WhiteFideId "13708694"]
[BlackFideId "14109336"]
[EventDate "2021.07.12"]
[EventType "k.o."]

1. d4 Nf6 2. c4 g6 3. f3 c5 4. d5 d6 5. e4 e6 6. Nc3 Bg7 7. Nge2 exd5 8. cxd5 a6
9. a4 Nbd7 10. Ng3 Nh5 11. Nxh5 gxh5 12. Be3 f5 13. Be2 O-O 14. exf5 Ne5 15. O-O
Bxf5 16. Ne4 Bxe4 17. fxe4 Qh4 18. Qc2 Ng4 19. Bxg4 Qxg4 20. Rxf8+ Rxf8 21. Rf1
Re8 22. Bf4 Bd4+ 23. Kh1 Rf8 24. g3 h4 25. Qd1 Qg6 26. Qe2 h3 27. Re1 b5 28.
axb5 axb5 29. b3 h5 30. Qf3 Re8 31. Qd3 Kh7 32. Qf3 Re7 33. Qd3 b4 34. Qf3 Bc3
35. Rf1 Qxe4 36. Qxe4+ Rxe4 37. Bxd6 Rd4 38. Bxc5 Rxd5 39. Be7 Rd2 40. Rb1 Kg6
41. Bc5 Re2 42. Rg1 Rb2 43. Bd6 Kf5 44. Rf1+ Ke6 45. Bc5 Rxb3 46. Bxb4 Bxb4 47.
Rg1 Bc5 48. Re1+ Kf5 49. Rf1+ Kg6 50. Rc1 Rb2 51. Ra1 Bd4 52. Rd1 Be5 53. Re1
Bb8 54. Rg1 Kf5 55. Rf1+ Kg4 56. Ra1 h4 57. Ra4+ Kf3 58. Ra3+ Kf2 59. Ra1 hxg3
60. hxg3 Kxg3 61. Ra3+ Kg4 62. Ra4+ Bf4 63. Ra1 Rc2 64. Rg1+ Bg3 65. Rb1 Re2 66.
Ra1 Re3 67. Rb1 Be1 68. Rb7 Bc3 69. Rb1 Be5 70. Rg1+ Kf3 71. Rf1+ Ke2 72. Rb1
Rd3 73. Rc1 Rb3 74. Rc2+ Kd1 75. Rf2 Ke1 76. Rf5 Re3 77. Rf7 Ke2 78. Rb7 Ra3 79.
Rb1 Ra2 80. Rc1 Rb2 81. Ra1 Rc2 82. Rb1 Kf3 83. Rf1+ Kg4 84. Rg1+ Kf5 85. Rf1+
Bf4 86. Rb1 Bc1 87. Rb5+ Kg4 88. Rb4+ Kf3 89. Rb7 Bf4 90. Rb1 Be3 91. Rf1+ Kg4
92. Re1 Bc5 93. Rf1 Be3 94. Re1 Rc3 95. Rf1 Kg3 96. Re1 Rb3 97. Rf1 Bf4 98. Rd1
Rb2 99. Rd3+ Kg4 100. Rd1 Rh2+ 101. Kg1 Re2 102. Kh1 Be3 103. Rf1 Kg5 104. Rf3
Kg4 105. Rf1 Kh4 106. Rf7 Re1+ 107. Kh2 Bg1+ 0-1

[Event "FIDE World Cup Women 2021"]
[Site "Krasnaya Polyana RUS"]
[Date "2021.07.24"]
[Round "4.3"]
[White "Dzagnidze, Nana"]
[Black "Shuvalova, Polina"]
[Result "1-0"]
[WhiteTitle "GM"]
[BlackTitle "IM"]
[WhiteElo "2523"]
[BlackElo "2489"]
[WhiteFideId "13601903"]
[BlackFideId "24171760"]
[EventDate "2021.07.12"]
[EventType "k.o."]

1. c4 e6 2. Nc3 d5 3. d4 c5 4. cxd5 exd5 5. Nf3 Nc6 6. dxc5 d4 7. Na4 Bxc5 8.
Nxc5 Qa5+ 9. Bd2 Qxc5 10. e3 dxe3 11. Bxe3 Qb4+ 12. Qd2 Qxd2+ 13. Bxd2 Nf6 14.
Bb5 O-O 15. O-O Be6 16. Bxc6 bxc6 17. Rfc1 Rfc8 18. Nd4 Bd7 19. Nb3 Ne4 20. Bf4
a5 21. f3 a4 22. fxe4 axb3 23. axb3 Rxa1 24. Rxa1 h6 25. Bd6 Be6 26. b4 Rd8 27.
e5 Bc4 28. Ra7 Re8 29. Rc7 Bd5 30. Kf2 Ra8 31. Bc5 Ra1 32. Bd4 Rd1 33. Bc3 Rc1
34. Ke3 Rc2 35. Kd4 Rxg2 36. Kc5 Be4 37. Rc8+ Kh7 38. Rxc6 Bxc6 39. Kxc6 f5 40.
exf6 gxf6 41. b5 f5 42. b6 f4 43. b7 Rg8 44. Kc7 f3 45. Bd4 Rg7+ 46. Bxg7 f2 47.
b8=Q f1=Q 48. Qh8+ Kg6 49. Qxh6+ Kf7 50. Qf6+ 1-0

[Event "FIDE World Cup Women 2021"]
[Site "Krasnaya Polyana RUS"]
[Date "2021.07.24"]
[Round "4.3"]
[White "Saduakassova, Dinara"]
[Black "Kashlinskaya, Alina"]
[Result "1-0"]
[WhiteTitle "IM"]
[BlackTitle "IM"]
[WhiteElo "2483"]
[BlackElo "2488"]
[WhiteFideId "13700090"]
[BlackFideId "4198026"]
[EventDate "2021.07.12"]
[EventType "k.o."]

1. d4 Nf6 2. c4 e6 3. g3 d5 4. Bg2 Bb4+ 5. Nd2 O-O 6. Nf3 dxc4 7. Qc2 c5 8. dxc5
Nc6 9. O-O e5 10. Nxc4 e4 11. Rd1 Qe7 12. Ng5 Bxc5 13. Be3 Bf5 14. Bxc5 Qxc5 15.
Ne3 Qxc2 16. Nxc2 Rad8 17. Ne3 Bg6 18. Nh3 h6 19. Nf4 Bh7 20. h4 g5 21. hxg5
hxg5 22. Nh3 Nd4 23. Nxg5 Nxe2+ 24. Kf1 Nd4 25. Rd2 Nf3 26. Rxd8 Rxd8 27. Nxf3
exf3 28. Bxf3 Rd2 29. b3 Ne4 30. Ke1 Rb2 31. Nc4 Rc2 32. Ne3 Rb2 33. Nd1 Rc2 34.
Be2 Bg6 35. Ne3 Rb2 36. Nc4 Rc2 37. Bd3 Rc3 38. Ne5 Bh7 39. Rd1 Rc5 40. Ng4 Kg7
41. Bxe4 Bxe4 42. Ne3 Bf3 43. Rd4 Rc1+ 44. Kd2 Ra1 45. Ra4 a6 46. Nc2 Rd1+ 47.
Ke3 Bc6 48. Rg4+ Kf6 49. Nd4 Bd7 50. Rf4+ Kg7 51. Nf5+ Bxf5 52. Rxf5 Ra1 53. Ra5
Rd1 54. Rc5 Ra1 55. Rc2 Re1+ 56. Kd4 Re6 57. f4 Rg6 58. Rc7 Rb6 59. Kc4 Kg6 60.
a4 a5 61. Rc5 Rb4+ 62. Kc3 Re4 63. Rxa5 Re3+ 64. Kc4 Rxg3 65. Rb5 Rg4 66. Rxb7
Rxf4+ 67. Kc3 Rf3+ 68. Kd4 Rf4+ 69. Ke3 Rf1 70. a5 Ra1 71. b4 f5 72. Rb8 Kg5 73.
Rg8+ Kf6 74. Kd4 f4 75. Rf8+ Kg5 76. Kc5 Kg4 77. Kb6 f3 78. b5 Kg3 79. a6 f2 80.
a7 Ra4 81. Rxf2 Kxf2 82. Kb7 1-0

[Event "FIDE World Cup Women 2021"]
[Site "Krasnaya Polyana RUS"]
[Date "2021.07.24"]
[Round "4.4"]
[White "Lagno, Kateryna"]
[Black "Assaubayeva, Bibisara"]
[Result "1/2-1/2"]
[WhiteTitle "GM"]
[BlackTitle "IM"]
[WhiteElo "2559"]
[BlackElo "2389"]
[WhiteFideId "14109336"]
[BlackFideId "13708694"]
[EventDate "2021.07.12"]
[EventType "k.o."]

1. e4 c5 2. Nf3 d6 3. Bb5+ Nd7 4. d4 cxd4 5. Nxd4 Nf6 6. O-O a6 7. Bd3 g6 8. c4
Bg7 9. Nc3 O-O 10. Re1 Qc7 11. Bf1 e6 12. Be3 b6 13. Rc1 Bb7 14. f3 Rac8 15. Qd2
Rfd8 16. Red1 Qb8 17. Qf2 Ne5 18. Na4 Ba8 19. Qh4 Nfd7 20. b3 Nc5 21. Nc3 Nc6
22. Nxc6 Bxc6 23. Bg5 Rd7 24. Bf6 Bxf6 25. Qxf6 e5 26. g3 Rf8 27. Bh3 Qd8 28.
Qxd8 Rdxd8 29. Rd2 f5 30. Rcd1 fxe4 31. fxe4 Rf3 32. Rxd6 Rxd6 33. Rxd6 Rxc3 34.
Rxc6 Nxe4 35. Be6+ Kg7 36. Bd5 Rc1+ 37. Kg2 Nc3 38. Rxb6 e4 39. Re6 Re1 40. h4
Re2+ 41. Kg1 Rxa2 42. g4 Rb2 43. g5 Kf8 44. Bxe4 Rxb3 45. c5 Nxe4 46. Rxe4 Rc3
47. Ra4 Rxc5 48. Rxa6 Rc4 49. Ra8+ Kf7 50. Ra7+ Kg8 51. Ra8+ Kg7 1/2-1/2

[Event "FIDE World Cup Women 2021"]
[Site "Krasnaya Polyana RUS"]
[Date "2021.07.30"]
[Round "6.2"]
[White "Goryachkina, Aleksandra"]
[Black "Muzychuk, Anna"]
[Result "1-0"]
[WhiteTitle "GM"]
[BlackTitle "GM"]
[WhiteElo "2596"]
[BlackElo "2527"]
[WhiteFideId "4147103"]
[BlackFideId "14111330"]
[EventDate "2021.07.12"]
[EventType "k.o."]

1. d4 Nf6 2. c4 g6 3. Nc3 d5 4. cxd5 Nxd5 5. e4 Nxc3 6. bxc3 Bg7 7. Bc4 c5 8.
Ne2 cxd4 9. cxd4 Nc6 10. Be3 Qa5+ 11. Bd2 Qa3 12. Rb1 O-O 13. O-O Bg4 14. f3 Be6
15. Bc1 Qa5 16. Bxe6 fxe6 17. a4 Nxd4 18. Nxd4 Rfd8 19. Be3 Qc3 20. Rb3 Qc4 21.
Rxb7 Bxd4 22. Bxd4 Rxd4 23. Qc1 Qe2 24. Re1 Rc4 25. Rxe2 Rxc1+ 26. Kf2 Kf7 27.
Rd2 a5 28. Rdd7 Re8 29. Ra7 Rc2+ 30. Kg3 Rc5 31. Rdc7 Rxc7 32. Rxc7 Ra8 33. Rc5
h6 34. Kf4 g5+ 35. Kg4 Kf6 36. h4 e5 37. Rc6+ e6 38. h5 Rb8 39. Rc5 Ra8 40. Kg3
Ra7 41. Rb5 Ra8 42. Rb7 g4 43. Kxg4 1-0

[Event "FIDE World Cup Women 2021"]
[Site "Krasnaya Polyana RUS"]
[Date "2021.08.02"]
[Round "7.2"]
[White "Kosteniuk, Alexandra"]
[Black "Goryachkina, Aleksandra"]
[Result "1/2-1/2"]
[WhiteTitle "GM"]
[BlackTitle "GM"]
[WhiteElo "2472"]
[BlackElo "2596"]
[WhiteFideId "4128125"]
[BlackFideId "4147103"]
[EventDate "2021.07.12"]
[EventType "k.o."]

1. e4 e6 2. d4 d5 3. Nd2 c5 4. exd5 Qxd5 5. dxc5 Qxc5 6. Ngf3 Nf6 7. Bd3 Nbd7 8.
Qe2 Qc7 9. O-O b6 10. Ne4 Bb7 11. Nxf6+ gxf6 12. Be4 Rc8 13. Bf4 Qxf4 14. Bxb7
Rc7 15. Ba6 Bc5 16. Rad1 Ke7 17. c3 Ne5 18. Nxe5 Qxe5 19. Qd3 Bd6 20. f4 Qc5+
21. Kh1 Rd7 22. Qe2 h5 23. Bc4 Rc8 24. Bb3 Qf5 25. Rd4 Rdd8 26. Rfd1 Bc7 27. Bc2
Qg4 28. Qa6 Rxd4 29. Rxd4 Rd8 30. Qa3+ Bd6 31. Qxa7+ Rd7 32. Qa6 h4 33. Qd3 f5
34. b4 h3 35. gxh3 Qg8 36. Bb3 Qa8+ 37. Kg1 Rd8 38. Kf2 Bxf4 39. Rxd8 Qxd8 40.
Qxd8+ Kxd8 41. Ke2 Ke7 42. a4 Bc7 43. h4 Kf6 44. Kd3 Kg6 45. Kc4 f4 46. Kb5 f3
47. a5 bxa5 48. bxa5 e5 49. a6 Bb8 50. Kb6 e4 51. Bd1 f5 52. Kb7 f2 53. Be2 f4
54. Kxb8 f3 55. Bc4 e3 56. a7 f1=Q 57. Bxf1 e2 58. Bxe2 fxe2 59. a8=Q 1/2-1/2